000
00311nam a2200133 a 4500
005
20140414132055.0
008
100520s19uu xx 00 eng d
050
_a
REF 597.9
_b
M32 2000
100
_a
McCarthy, Colin
245
_a
Reptile.
440
_a
Eyewitness books
650
_a
Reptile
999
_c
114287
_d
114287